000 00554nam a2200205Ia 4500
005 20250508165012.0
008 008 250505s9999 xx 000 0 eng d
020 _a978-3-639-28187-3
037 _aTextual
040 _aFEDL
_beng
_cFEDL
041 _aeng
_2eng
084 _a300.7, SAN
_qFEDL
100 _aSandeep Kumar
245 0 _aHow to teach social science differently: Teach and learn social science
260 _c2010
300 _a128p.
546 _aImprint
942 _cTEXL
_h300.7, SAN
999 _c1392580
_d1392580